00270nam a2200121Ia 4500008004100000100001200041245002400053260002700077300000800104650001200112942000700124999001700131190216s9999||||xx |||||||||||||| ||und|| aKumar N 0aDeterministic Chaos bUniversity Pressc1999 a96p aPhysics cBK c33627d33627